书目信息 |
| 题名: |
速记法自学指南
|
|
| 作者: | 李远才 , 刘儒 著 | |
| 分册: | ||
| 出版信息: | 北京 解放军出版社 1986.10 |
|
| 页数: | 177页 | |
| 开本: | 19cm | |
| 丛书名: | ||
| 单 册: | ||
| 中图分类: | H126.1 | |
| 科图分类: | ||
| 主题词: | 汉字--文字学 | |
| 电子资源: | ||
| ISBN: | ||
| 000 | 00584nam0 2200217 45 | |
| 001 | 0311171459 | |
| 005 | 20040421082857.5 | |
| 010 | @dCNY1.10 | |
| 091 | @a7185.15 | |
| 100 | @a20031117d1986 km y0chiy0120 ea | |
| 101 | 0 | @achi |
| 105 | @aa z 000yy | |
| 200 | 1 | @a速记法自学指南@ASu Ji Fa Zi Xue Zhi Nan@f李远才,刘儒著@FLi Yuan Cai,Liu Ru Zhu |
| 210 | @a北京@c解放军出版社@d1986.10 | |
| 215 | @a177页@c图表@d19cm | |
| 606 | 0 | @a汉字@x文字学 |
| 690 | @aH126.1@v3 | |
| 701 | 0 | @a李远才@4著 |
| 701 | 0 | @a刘儒@4著 |
| 801 | @aCN@bTSTC@c20031117 | |
| 905 | @dH126.1@e18@f1@b217038 | |
| 速记法自学指南/李远才,刘儒著.-北京:解放军出版社,1986.10 |
| 177页:图表;19cm |
| ISBN :CNY1.10 |
| ● |
| 相关链接 |
|
|
|
|
正题名:速记法自学指南
索取号:H126.1/18
 
预约/预借
| 序号 | 登录号 | 条形码 | 馆藏地/架位号 | 状态 | 备注 |
| 1 | 0165910 | 001525488 | 密集书库/ [索取号:H126.1/18] | 在馆 | |
| 2 | 0165911 | 001526370 | 密集书库/ [索取号:H126.1/18] | 在馆 | |
| 3 | 0165912 | 001525479 | 密集书库/ [索取号:H126.1/18] | 在馆 | |
| 4 | 0217037 | 001526398 | 密集书库/ [索取号:H126.1/18] | 在馆 | |
| 5 | 0217038 | 000769788 | 第二样本阅览室/ [索取号:H126.1/18] | 在馆 | |
| 6 | 0217039 | 001526389 | 密集书库/ [索取号:H126.1/18] | 在馆 |